Mare Balticum. - München : Meidenbauer. - 2005 [Rezension]
| Titel: | Mare Balticum. - München : Meidenbauer. - 2005 [Rezension] |
|---|---|
| Verfasser: | |
| In: |
Inter finitimos. [Deutsche Ausgabe], Band 3 (2005), Seite 227 alle Artikel anzeigen |
| Veröffentlicht: | 2005 |
| Format: | Aufsatz |
| Sprache: | Deutsch |
X
alg: 39501459 001A $01999:12-11-16 001B $01999:04-08-21 $t21:02:09.000 001C $06050:14-11-16 $t07:18:29.000 001D $01999:12-11-16 001U $0utf8 001X $00 002@ $0Aox 003@ $039501459X 007A $039501459X $aHEB 007T $0Herdc0061897m 010@ $ager 011@ $a2005 021A $aMare Balticum. - München : Meidenbauer. - 2005 [Rezension] 028A $#Kšoska, Markus $7133555674 $8Krzoska, Markus$Z1967- [Tp1] $9191595098 031A $d3 $h227 $j2005 039B $aIn $8--Abvc--. Inter finitimos. [Deutsche Ausgabe]. - Osnabrück : fibre, 1992-2015. - ISSN 0948-1818 $x200500000030000773 $9048132500 039T $8--Aau--. Mare Balticum. - München : Meidenbauer, 2005. - 183 S.. - Ill.. - ISBN 3-89975-510-3 $9129516821 045F $a900.9479 $eDDC23BSB 045F/01 $a900 045F/03 $g479 045F/03 $g437 045T $a8,1 $a7,41 lok: 39501459 78 exp: 39501459 78 1 #EPN 201B/01 $018-11-16 $t13:29:18.000 201U/01 $0utf8 203@/01 $0791313204 208@/01 $a12-11-16 $be 209A/01 $a/ $f000 $x00 220C/01 $aTitelaufnehmer: cs 220C/01 $aHerkunft: HI Marburg 244Z/01 $2Trx $#Baltijos šalys $#kraje bałtyckie $#Baltikum $8--Trx--Baltische Länder $x01 $9391352903 244Z/01 $2Trx $#Kesk- ja Ida- Euroopa kontseptsioonid $#Vidurio Europos koncepcijos $#East-Central Europe $#Keletközépeurópa-eszmék $#Europa Środkowo-Wschodnia koncepcje $#Európa stredovýchodná koncepcie $#Evropa střední, východní část koncepce $#Mitteleuropa $#Osteuropakonzeptionen $#Europa Środkowa koncepcje $#Stredná Európa koncepcie $#Střední Europa koncepce $8--Trx--Ostmitteleuropakonzeptionen $x02 $9391364286 244Z/01 $2Trx $#arvustused $#recenzijos $#Reviews $#recenziók $#recenzje $#recenzie $#recenze $8--Trx--Rezensionen $x03 $9391357441 247C/01 $82080>Marburg/Lahn, Herder-Institut, Forschungsbibliothek, Bibliographieportal $9336309341
| LEADER | 00000caa a22000002c 4500 | ||
|---|---|---|---|
| 001 | 39501459X | ||
| 003 | DE-603 | ||
| 005 | 20210804210209.0 | ||
| 007 | tu | ||
| 008 | 161112s2005 xx |||| | u00||u|ger c | ||
| 035 | |a (DE-599)HEB39501459X | ||
| 040 | |a DE-603 |b ger |c DE-603 |d DE-603 | ||
| 041 | |a ger | ||
| 082 | 0 | 4 | |8 1\u |a 900.9479 |q DE-101 |2 23/BSB |
| 084 | |a 8,1 |a 7,41 |2 ssgn | ||
| 085 | |8 1\u |b 900 | ||
| 085 | |8 1\u |z 2 |s 479 | ||
| 085 | |8 1\u |z 2 |s 437 | ||
| 100 | 1 | |a Krzoska, Markus |d 1967- |0 (DE-603)191595098 |0 (DE-588)133555674 |2 gnd | |
| 245 | 0 | 0 | |a Mare Balticum. - München : Meidenbauer. - 2005 [Rezension] |
| 264 | 0 | |c 2005 | |
| 773 | 0 | 8 | |i In |t Inter finitimos. [Deutsche Ausgabe] |d Osnabrück : fibre, 1992-2015 |h 21 cm |x 0948-1818 |g Band 3 (2005), Seite 227 |w (DE-603)048132500 |w (DE-600)913931-X |
| 787 | 0 | 8 | |i Rezension von |t Mare Balticum |d München : Meidenbauer, 2005 |h 183 S., Ill. |z 3899755103 |w (DE-603)129516821 |
| 924 | 0 | |9 2080 |a (DE-603)791313204 |b DE-2080 |c HES |d d |g / | |


